|
|
|
|
| LEADER |
01082nam a2200253 a 4500 |
| 001 |
13802168 |
| 008 |
090706s1992 nyu 000 0 eng d |
| 010 |
|
|
|a 2004117165
|
| 020 |
|
|
|a 8125910204
|
| 040 |
|
|
|a DLC
|c DLC
|
| 082 |
0 |
0 |
|a 823/.01
|2 19
|
| 100 |
1 |
|
|a Twain, Mark,
|d 1835-1910.
|
| 245 |
1 |
4 |
|a The adventures of Huckleberry Finn /
|c Mark Twain.
|
| 250 |
|
|
|a 1st ed.
|
| 260 |
|
|
|a New York, NY ;
|a New Delhi:
|b HarperFestival;
|b Madhuban Educational Books,Vikas Pub. House ,
|c 1992.
|
| 300 |
|
|
|a 100 p. ;
|c cm.
|
| 490 |
|
|
|a Adventure classics
|
| 541 |
1 |
|
|e 00010012
|
| 650 |
|
0 |
|a Short Stories
|x English
|
| 852 |
4 |
|
|a Ayesha Abed Library
|j General Shelf.
|
| 942 |
0 |
0 |
|0 1
|
| 999 |
|
|
|c 2140
|d 2140
|
| 952 |
|
|
|0 0
|1 0
|2 ddc
|4 0
|6 823_010000000000000_TWA_2003
|7 0
|9 1971
|a BRACUL
|b BRACUL
|c GEN
|d 2009-07-07
|g 0.00
|l 22
|m 90
|o 823.01 TWA
|p 3010010012
|r 2026-02-18
|s 2025-08-27
|t 1
|w 2009-07-07
|y BK
|x No price found in the accession register.
|
| 952 |
|
|
|0 0
|1 0
|2 ddc
|4 0
|6 823_010000000000000_TWA_2003
|7 0
|9 8705
|a BRACUL
|b BRACUL
|c GEN
|d 2010-03-21
|l 10
|m 105
|o 823.01 TWA
|p 3010010014
|r 2022-06-27
|s 2022-06-15
|t 2
|w 2010-03-21
|y BK
|